Morse code - Statistics

General Stats
  • This quiz has been taken 1,481 times
    1,479 since last reset
  • The average score is 11 of 13
Answer Stats
Clue Answer % Correct
. e
98%
--- o
98%
... s
98%
- t
96%
-. n
94%
-.- k
91%
-.. d
89%
--. g
89%
.--. p
88%
..- u
88%
.---- 1
68%
-.... 6
66%
---.. 8
66%
No matching quizzes found
Score Distribution
Percent of People with Each Score
Percentile by Number Answered
Your Score History
You have not taken this quiz since the last reset